| 000 | 00487nam a22001817a 4500 | ||
|---|---|---|---|
| 005 | 20230404120049.0 | ||
| 008 | 230404b ||||| |||| 00| 0 eng d | ||
| 040 |
_aIN-DiNC _cIN-DiNC |
||
| 041 | _dasm | ||
| 082 |
_a578.73 _bRAJ |
||
| 100 |
_aRajbanshi, Ghanashyam _eauthor |
||
| 245 |
_aArannyaar bhitarchara/ _cby Ghanashyam Rajbanshi |
||
| 250 | _a1st ed. | ||
| 260 |
_aGuwahati: _bAssam book trust, _c2017. |
||
| 300 | _a164p. | ||
| 650 | _aExperience of forest | ||
| 942 |
_2ddc _cBK |
||
| 999 |
_c11522 _d11522 |
||